MARC details
| 000 -CABECERA |
| campo de control de longitud fija |
01110nam a2200253 a 4500 |
| 001 - NÚMERO DE CONTROL |
| campo de control |
000001945 |
| 005 - FECHA Y HORA DE LA ÚLTIMA TRANSACCIÓN |
| campo de control |
20200929145752.0 |
| 008 - DATOS DE LONGITUD FIJA--INFORMACIÓN GENERAL |
| campo de control de longitud fija |
090630s19uu dr 001 0 spa d |
| 040 ## - FUENTE DE LA CATALOGACIÓN |
| Centro catalogador/agencia de origen |
DO-SdBNP |
| Lengua de catalogación |
spa |
| Centro/agencia transcriptor |
BNPHU |
| 082 ## - NÚMERO DE LA CLASIFICACIÓN DECIMAL DEWEY |
| Número de clasificación |
808.51 |
| Número de documento/Ítem |
C793a |
| 049 ## - FONDOS LOCALES (OCLC) |
| Fondos de biblioteca |
BNGR |
| 100 1# - ENTRADA PRINCIPAL--NOMBRE DE PERSONA |
| Nombre de persona |
Corcos, Fernando |
| 9 (RLIN) |
6314 |
| 245 10 - MENCIÓN DE TÍTULO |
| Título |
Arte de hablar en público / |
| Mención de responsabilidad, etc. |
Fernando Corcos ; prefacio André Maurois ; traducida por Mateo Santos. |
| 260 ## - PUBLICACIÓN, DISTRIBUCIÓN, ETC. |
| Lugar de publicación, distribución, etc. |
México : |
| Nombre del editor, distribuidor, etc. |
Divulgación, |
| Fecha de publicación, distribución, etc. |
[s.a.]. |
| 300 ## - DESCRIPCIÓN FÍSICA |
| Extensión |
108 p. ; |
| Dimensiones |
20 cm. |
| 505 0# - NOTA DE CONTENIDO CON FORMATO |
| Información miscelánea |
Prefacio / |
| Mención de responsabilidad |
André Maurois -- |
| Título |
De la elocuencia -- |
| -- |
Elocuencia y lirismo -- |
| -- |
Cualidades necesarias al orador -- |
| -- |
La tribuna y la escena -- |
| -- |
Preparación del discurso -- |
| -- |
Del estilo oratorio -- |
| -- |
Los géneros oratorios -- |
| -- |
La mujer y el arte oratorio -- |
| -- |
La plástica oratoria -- |
| -- |
Oradores y auditorios -- |
| Información miscelánea |
Conclusiones. |
| 650 #4 - PUNTO DE ACCESO ADICIONAL DE MATERIA--TÉRMINO DE MATERIA |
| Término de materia o nombre geográfico como elemento de entrada |
Oratoria |
| 9 (RLIN) |
1172 |
| 650 #4 - PUNTO DE ACCESO ADICIONAL DE MATERIA--TÉRMINO DE MATERIA |
| Término de materia o nombre geográfico como elemento de entrada |
Persuación (retórica) |
| 9 (RLIN) |
6315 |
| 650 #4 - PUNTO DE ACCESO ADICIONAL DE MATERIA--TÉRMINO DE MATERIA |
| Término de materia o nombre geográfico como elemento de entrada |
Elocuencia |
| 9 (RLIN) |
6316 |
| 650 #4 - PUNTO DE ACCESO ADICIONAL DE MATERIA--TÉRMINO DE MATERIA |
| Término de materia o nombre geográfico como elemento de entrada |
Oradores |
| 9 (RLIN) |
6317 |
| 700 1# - PUNTO DE ACCESO ADICIONAL--NOMBRE DE PERSONA |
| Nombre de persona |
Santos, Mateo, |
| Término indicativo de función/relación |
tr. |
| 9 (RLIN) |
6318 |
| 700 1# - PUNTO DE ACCESO ADICIONAL--NOMBRE DE PERSONA |
| Nombre de persona |
Maurois, André, |
| Fechas asociadas al nombre |
1885-1967, |
| Término indicativo de función/relación |
pref. |
| 9 (RLIN) |
6319 |
| 910 ## - DATOS DE OPCIÓN DEL USUARIO (OCLC) |
| Datos de opción del usuario |
Validado. Control de calidad EMS |